书目信息 |
| 题名: |
实变函数论的典型问题与方法
|
|
| 作者: | 张喜堂 主编 | |
| 分册: | ||
| 出版信息: | 武昌 华中师范大学出版社 2000.5 |
|
| 页数: | 420页 | |
| 开本: | 20cm | |
| 丛书名: | ||
| 单 册: | ||
| 中图分类: | O174.1 | |
| 科图分类: | ||
| 主题词: | 实变函数 | |
| 电子资源: | ||
| ISBN: | 7-5622-2209-6 | |
| 000 | 00544nam0 2200181 45 | |
| 001 | 0112290942 | |
| 005 | 20051008142155.70 | |
| 010 | @a7-5622-2209-6@dCNY20.00 | |
| 100 | @a20011229e20002000km y0chiy0120 ea | |
| 101 | 0 | @achi |
| 200 | 1 | @a实变函数论的典型问题与方法@AShi Bian Han Shu Lun De Dian Xing Wen Ti Yu Fang Fa@f张喜堂主编@FZhang Xi Tang Zhu Bian |
| 210 | @a武昌@c华中师范大学出版社@d2000.5 | |
| 215 | @a420页@d20cm | |
| 606 | 0 | @a实变函数 |
| 690 | @aO174.1@v4 | |
| 701 | 0 | @a张喜堂@4主编 |
| 801 | @aCN@bTSTC@c20051008 | |
| 905 | @dO174.1@e112 | |
| 实变函数论的典型问题与方法/张喜堂主编.-武昌:华中师范大学出版社,2000.5 |
| 420页;20cm |
| ISBN 7-5622-2209-6:CNY20.00 |
| ● |
| 相关链接 |
|
|
|
|
正题名:实变函数论的典型问题与方法
索取号:O174.1/112
 
预约/预借
| 序号 | 登录号 | 条形码 | 馆藏地/架位号 | 状态 | 备注 |
| 1 | 0302564 | 203025644 | 第三借阅区/ [索取号:O174.1/112] | 在馆 | |
| 2 | 0302565 | 203025653 | 第三借阅区/ [索取号:O174.1/112] | 在馆 | |
| 3 | 0302566 | 203025662 | 第三借阅区/ [索取号:O174.1/112] | 在馆 | |
| 4 | 0302567 | 203025671 | 第三借阅区/ [索取号:O174.1/112] | 在馆 | |
| 5 | 0302568 | 203025680 | 第三借阅区/ [索取号:O174.1/112] | 在馆 | |
| 6 | 0302569 | 203025699 | 第三借阅区/ [索取号:O174.1/112] | 在馆 | |
| 7 | 0302570 | 203025706 | 第三借阅区/ [索取号:O174.1/112] | 在馆 | |
| 8 | 0302571 | 203025715 | 第三借阅区/ [索取号:O174.1/112] | 在馆 | |
| 9 | 0302572 | 203025724 | 第三借阅区/ [索取号:O174.1/112] | 在馆 | |
| 10 | 0302573 | 203025733 | 第二样本阅览室/ [索取号:O174.1/112] | 在馆 | |
| 11 | 0364597 | 3645979 | 第三借阅区/ [索取号:O174.1/112] | 在馆 | |
| 12 | 0364598 | 3645988 | 第三借阅区/ [索取号:O174.1/112] | 在馆 | |
| 13 | 0364599 | 3645997 | 第三借阅区/ [索取号:O174.1/112] | 在馆 | |
| 14 | 0364600 | 3646004 | 第三借阅区/ [索取号:O174.1/112] | 在馆 | |
| 15 | 0364601 | 3646013 | 第三借阅区/ [索取号:O174.1/112] | 在馆 | |
| 16 | 0364602 | 3646022 | 第三借阅区/ [索取号:O174.1/112] | 在馆 | |
| 17 | 0364604 | 3646040 | 第三借阅区/ [索取号:O174.1/112] | 在馆 | |
| 18 | 0364605 | 3646059 | 第三借阅区/ [索取号:O174.1/112] | 在馆 | |
| 19 | 0364606 | 3646068 | 第三借阅区/ [索取号:O174.1/112] | 在馆 | |
| 20 | 0364607 | 3646077 | 第三借阅区/ [索取号:O174.1/112] | 在馆 | |
| 21 | 0364608 | 3646086 | 第三借阅区/ [索取号:O174.1/112] | 在馆 | |
| 22 | 0364609 | 3646095 | 第三借阅区/ [索取号:O174.1/112] | 在馆 |